Degrees in higher education.

Bibliographic Details
Main Author: Eells, Walter Crosby, 1886-1962
Format: Book
Language:English
Published: Washington : Center for Applied Research in Education, 1963.
Series:Library of education.
Subjects:

MARC

Tag First Indicator Second Indicator Subfields
LEADER 00000cam a22000001 4500
001 in00000055693
005 20151008052303.0
008 721219s1963 dcua b 00000 eng
010 |a  62019788  
035 |a (OCoLC)00186429 
035 |9 AAH2634AM 
040 |a DLC  |c DLC  |d TXA  |d UtOrBLW 
049 |a TXAM  |c 1 [353047]  |c 2 [475476] 
050 0 0 |a LB2381  |b .E42 
082 0 |a 378.24 
092 |a 378.24  |b E26d, 1963 
100 1 |a Eells, Walter Crosby,  |d 1886-1962. 
245 1 0 |a Degrees in higher education. 
264 1 |a Washington :  |b Center for Applied Research in Education,  |c 1963. 
300 |a 118 pages :  |b illustrations ;  |c 24 cm. 
336 |a text  |b txt  |2 rdacontent 
337 |a unmediated  |b n  |2 rdamedia 
338 |a volume  |b nc  |2 rdacarrier 
490 1 |a The Library of education, a project of the Center for Applied Research in Education 
504 |a Includes bibliographies. 
650 0 |a Degrees, Academic. 
830 0 |a Library of education. 
999 |a MARS 
999 f f |s 3e604eb2-b181-3d82-b35e-6bbb76757354  |i 204563f0-3237-32a1-bf31-c74ab9d4ff58  |t 0 
952 f f |p normal  |a Texas A&M University  |b College Station  |c Sterling C. Evans Library  |d Evans: Library Stacks  |t 0  |e LB2381 .E42  |h Library of Congress classification  |i unmediated -- volume  |m A14800862899 
998 f f |a LB2381 .E42  |t 0  |l Evans: Library Stacks